000 00637nam a22002417a 4500
003 UA-OsUOA
001 92641
007 ta
008 20121220b un ||||| |||| 00| 0 ukr d
100 _aАдамс Р.
090 _a821.111
_bА28
942 _cBK
040 _aUA-OsUOA
_bukr
_cUA-OsUOA
_dUA-OsUOA
245 _aНебезпечні мандри
_bказкова оповідь
300 _a352 с.
955 _a3
041 _aukr
080 _a821.111
020 _a5-7720-0401-8
260 _aК.
_bМолодь
_c1990
650 7 _a82 Література. Літературознавство
_2UDC
999 _c378863
_d378863